Statistiques concernant Trouver la série télévisée (par rapport au personnage principal)

Cliquez ici pour prendre le quiz!

Statistiques générales

  • Ce quiz a été pris 861 fois
  • Le résultat moyen est 9 sur 16

Statistiques - réponses

Personnage principalSérie% Correct
Dexter MorganDexter
87%
Clark KentSmallville
87%
Gregory HouseDr. House
84%
Adrien MonkMonk
80%
Michael ScofieldPrison Break
78%
Sheldon CooperThe Big Bang Theory
68%
Walter WhiteBreaking Bad
67%
Horatio CaineLes Experts : Miami
65%
Patrick JaneMentalist
65%
Rick GrimesThe Walking Dead
54%
Michael KyleMa famille d'abord
49%
J.R. ErwingDallas
43%
Ted MosbyHow I Met Your Mother
42%
James T. KirkStar Trek
34%
Frank UnderwoodHouse of Cards
21%
Cal LightmanLie to Me
15%

Distribution des résultats

Percentile par nombre de réponses

% des personnes avec chaque résultat

Votre développement - résultats

Vous n’avez pas pris ce quiz